La legislazione medicea nelle raccolte dell’Archivio di Stato di Firenze (1532-1737)

Bibliographic Details
Format: eBook
Language:Italian
Published: Firenze : ITTIG, 2009
Subjects:
Online Access:http://www.vlex.com/source/10927

MARC

LEADER 00000nam a22000007a 4500
005 20130328170048.0
007 cr|||| ||||
008 130328e2009 it |||||s|||| 00||0 ita d
020 |a 978-88-495-1878-8 
035 |a 10927 
040 |a vLex 
090 |c 4077  |d 4077 
245 0 3 |a La legislazione medicea nelle raccolte dell’Archivio di Stato di Firenze (1532-1737)  |h [Recurso electrn̤ico] 
256 |a Servicio en ln̕ea 
260 |a Firenze :   |b ITTIG,   |c 2009 
300 |a 1 Recurso electrn̤ico 
506 |a Contenido solo disponible en los productos indicados  |d vLex Global  |d vLex Global (Academic Edition, excluding Law Schools)  |d vLex Global (U.S. Academic Edition, Law Schools)  |d vLex Global (U.S. Academic Edition, excluding Law Schools)  |d vLex Global (Academic Edition, Law Schools) 
650 0 4 |a Historia  |z Italia 
650 0 4 |a Historia del Derecho  |z Italia 
740 |a vLex Libros (Servicio en ln̕ea) 
856 |a Acceso restringido  |u http://www.vlex.com/source/10927 
942 |c BOOK 
999 0 |a History